Statystyki dla Piłkarze Realu Madryt

Kliknij tutaj aby rozwiązać quiz!

Ogólne statystyki

  • Ten quiz został rozwiązany 54 razy
  • Średni wynik to 18 z 24

Statystyki odpowiedzi

PiłkarzNarodowośćPozycja% Poprawnych
AlabaAustriaObrońca
94%
ModricChorwacjaPomocnik
92%
ValverdeUrugwajPomocnik
92%
CamavingaFrancjaPomocnik
90%
KroosNiemcyPomocnik
90%
LuninUkrainaBramkarz
90%
MilitaoBrazyliaObrońca
90%
RudigerNiemcyObrońca
90%
BellinghamAngliaPomocnik
88%
RodrygoBrazyliaNapastnik
88%
ViniciusBrazyliaNapastnik
88%
CourtoisBelgiaBramkarz
85%
KepaHiszpaniaBramkarz
77%
MendyFrancjaObrońca
77%
GulerTurcjaPomocnik
75%
JoseluHiszpaniaNapastnik
75%
CarvajalHiszpaniaObrońca
71%
TchouameniFrancjaPomocnik
71%
NachoHiszpaniaObrońca
67%
DiazHiszpaniaPomocnik
52%
GarciaHiszpaniaObrońca
52%
VazquezHiszpaniaObrońca
52%
CeballosHiszpaniaPomocnik
44%
PazArgentynaPomocnik
44%

Rozkład punktacji

Percentyl według liczby udzielonych odpowiedzi

Procent ludzi z każdym wynikiem

Twoja historia wyników

Nie rozwiązałeś tego quizu